|
|
|
|
| LEADER |
00000nam0a2200000 4500 |
| 001 |
125912 |
| 005 |
20231031131554.0 |
| 010 |
|
|
|a 5940743528
|
| 035 |
|
|
|a (RuTPU)RU\TPU\book\136229
|
| 090 |
|
|
|a 125912
|
| 100 |
|
|
|a 20071121d2007 km y0rusy50 ca
|
| 101 |
0 |
|
|a rus
|
| 102 |
|
|
|a RU
|
| 105 |
|
|
|a a z 001zy
|
| 200 |
1 |
|
|a Расчетные модели сооружений и возможность их анализа
|f А. В. Перельмутер, В. И. Сливкер
|
| 210 |
|
|
|a Москва
|c ДМК Пресс
|d 2007
|
| 215 |
|
|
|a 596 с.
|c ил.
|
| 225 |
1 |
|
|a Проектирование
|
| 320 |
|
|
|a Библиогр.: с. 576-592.
|
| 320 |
|
|
|a Предметный указатель: с. 593-595.
|
| 330 |
|
|
|a Книга посвящена анализу методов, используемых при создании современных программных систем для статического и динамического расчета несущих строительных конструкций, а также приемов использования этих систем. Наличие (а иногда и отсутствие) руководств, входящих в систему программной документации, чаще всего дает возможность «использовать» программную систему как черный ящик и в лучшем случае позволяет научиться нажимать необходимые кнопки, чтобы вызвать к жизни ту или иную функцию программы. Вместе с тем опыт показывает, что любое руководство к самой совершенной программе бессмысленно, если пользователь не понимает основ тех методов, которые эти программы реализуют. Особое внимание в книге уделяется роли выбора расчетной модели, ее обоснованности, а также внутренней и внешней согласованности с решаемой задачей. Приводятся многочисленные практические рекомендации, указываются типичные и нетипичные проблемы и ошибки, описываются различного рода ловушки, подстерегающие инженера-расчетчика. Многие поучительные примеры связаны с практическим опытом авторов, как инженеров-проектировщиков. По сравнению с предыдущими изданиями материал расширен и дополнен. Книга предназначена для инженерно-технических и научных работников, как пользователей программной продукции, так и разработчиков программных средств. Она может быть использована студентами, аспирантами и преподавателями дисциплин прочностного курса (строительная механика, теория упругости) или курса САПР.
|
| 610 |
1 |
|
|a строительная механика
|
| 610 |
1 |
|
|a несущие строительные конструкции
|
| 610 |
1 |
|
|a статический расчет
|
| 610 |
1 |
|
|a динамический расчет
|
| 610 |
1 |
|
|a программные системы
|
| 610 |
1 |
|
|a создание
|
| 610 |
1 |
|
|a использование
|
| 610 |
1 |
|
|a расчетные модели
|
| 610 |
1 |
|
|a анализ
|
| 675 |
|
|
|a 624.04:681.3
|v 3
|
| 700 |
|
1 |
|a Перельмутер
|b А. В.
|g Анатолий Викторович
|
| 701 |
|
1 |
|a Сливкер
|b В. И.
|g Владимир Исаевич
|
| 801 |
|
1 |
|a RU
|b 63413507
|c 20071121
|g PSBO
|
| 801 |
|
2 |
|a RU
|b 63413507
|c 20080222
|g PSBO
|
| 942 |
|
|
|c BK
|
| 959 |
|
|
|a 82/20071121
|d 1
|e 0
|f ЧЗТЛ:1
|